000 00464nam a2200157Ia 4500
008 210716s2004 xx 000 0 und d
020 _a8131500918
041 _aeng
082 _a658.15 BRIE
100 _aBrigham, Eugene F;Ehrhardt, Michael C.
245 _aFinancial management: theory and practice.
_bTheory and practice.
250 _a14
260 _aAustralia
_bThomson south western
_c2004
300 _axxxi,1163/2015
650 _aManagement Accounting
999 _c209712
_d209712